The idea of Pakistan / (Record no. 52393)

MARC details
000 -LEADER
fixed length control field 01003nam a22002297a 4500
005 - DATE AND TIME OF LATEST TRANSACTION
control field 20110512123324.0
010 ## - LCCN (DPL NO)
LC control number B-425601
020 ## - INTERNATIONAL STANDARD BOOK NUMBER
International Standard Book Number 9780195683660
Terms of availability 325.00
020 ## - INTERNATIONAL STANDARD BOOK NUMBER
International Standard Book Number 0195683668
Terms of availability 325.00
035 ## - SYSTEM CONTROL NUMBER
System control number B-425601
037 ## - SOURCE OF ACQUISITION
Source of stock number/acquisition RBC/VEN
082 14 - DEWEY DECIMAL CLASSIFICATION NUMBER
Classification number 954.7
100 ## - MAIN ENTRY--PERSONAL NAME
Personal name Cohen, Stephen Philip
245 1# - TITLE STATEMENT
Title The idea of Pakistan /
Statement of responsibility, etc by Stephen Philip Cohen
260 ## - PUBLICATION, DISTRIBUTION, ETC. (IMPRINT)
Place of publication, distribution, etc New Delhi
Name of publisher, distributor, etc Oxford University Press
Date of publication, distribution, etc 2010
270 ## - ADDRESS
Address YMCA Library Building, Jai Singh Road
City New Delhi
State or province New Delhi
Postal code 110 001
300 ## - PHYSICAL DESCRIPTION
Extent ix, 382p.
Dimensions 22cm (Pbk)
500 ## - GENERAL NOTE
General note Includes index
942 ## - ADDED ENTRY ELEMENTS (KOHA)
Institution code [OBSOLETE] dpl
Item type English Books
Source of classification or shelving scheme Dewey Decimal Classification
Classification part 954.7
Call number suffix COH
Holdings
Withdrawn status Lost status Not for loan Collection code Home library Current library Date acquired Source of acquisition Cost, normal purchase price Full call number Barcode Copy number Cost, replacement price Koha item type
      Non-fiction Central Library Central Library 18/05/2011 RBC/22493/23.3.11/76/4.3.11/25.3.11 325.00 954.7 COH B-425601 1 325.00 English Books

© Delhi Public Library
Hit Counter
free hit counter